Prénoms les plus communs en Espagne - Statistiques

Statistiques générales
  • Ce quiz a été pris 1 716 fois
  • Le résultat moyen est 12 sur 40
Statistiques - réponses
prénom % Correct
María
88%
Juan
79%
José
57%
Luis
55%
Ana
51%
Carlos
49%
Pedro
49%
Antonio
44%
Pablo
44%
Carmen
41%
Fernando
36%
Miguel
36%
Isabel
35%
Javier
35%
Daniel
34%
Manuel
33%
David
32%
Francisco
31%
Alejandro
29%
Luisa
27%
Lucía
26%
Paula
26%
Laura
24%
Ángel
23%
Sergio
23%
Jesús
22%
Cristina
21%
Sara
21%
Teresa
20%
Dolores
18%
Rafael
17%
Jorge
16%
Elena
15%
Pilar
15%
Marta
14%
Antonia
12%
Francisca
9%
Josefa
8%
Concepción
6%
Angeles
4%
Aucun quiz correspondant
Distribution des résultats
% des personnes avec chaque résultat
Percentile par nombre de réponses
Votre historique - résultats
Vous n’avez pas pris ce quiz